Geomarketing diplomová práca

Guardado en:
Detalles Bibliográficos
Autor principal: Skladaná, Adriana
Autor Corporativo: Obchodná fakulta EU. Katedra marketingu
Otros Autores: Kita, Pavol
Formato: Libro
Lenguaje:eslovaco
Publicado: Bratislava 2022
Etiquetas: Agregar Etiqueta
Sin Etiquetas, Sea el primero en etiquetar este registro!

MARC

LEADER 00000nbm a2200000 4500
001 0284317
005 20230109142452.0
041 0 |a slo 
044 |a SK 
245 1 0 |a Geomarketing  |b diplomová práca  |c Adriana Skladaná ; školiteľ: Pavol Kita 
264 1 |a Bratislava  |c 2022 
300 |a 64 s. 
100 1 |a Skladaná, Adriana 
700 1 |a Kita, Pavol 
710 2 |a Obchodná fakulta EU. Katedra marketingu